|
|
|
|
| LEADER |
00000cam a2200000 a 4500 |
| 001 |
UCD8289 |
| 003 |
CL-VaPUC |
| 005 |
20250321102813.0 |
| 008 |
170508e20160000cl |||||||||||||||||spa|d |
| 999 |
|
|
|c 367898
|d 367896
|
| 020 |
|
|
|a 9789211219371
|
| 040 |
|
|
|c Pontificia Universidad Católica de Valparaíso
|
| 082 |
0 |
4 |
|a 330.98 COM 2016
|2 21
|
| 110 |
2 |
|
|a Comisión Económica para América Latina y el Caribe
|9 592034
|
| 245 |
1 |
0 |
|a Balance preliminar de las economías de América Latina y el Caribe
|
| 250 |
|
|
|a 1a. ed
|
| 260 |
|
|
|a Santiago, Chile:
|b CEPAL,
|c 2016.
|
| 300 |
|
|
|a 126 páginas.
|
| 500 |
|
|
|a c.3. Donación MEMO Nº 1 -BIBNEG 7-1-2025.
|
| 583 |
|
|
|a last modification
|c 20170508 01:31:00
|k Rodrigo Vera
|
| 650 |
|
0 |
|a Desarrollo económico y social
|z América Latina
|9 897323
|
| 942 |
|
|
|c BK
|2 ddc
|
| 945 |
|
|
|d 20170508 01:31:00
|a arojas
|
| 952 |
|
|
|0 0
|1 0
|2 ddc
|3 erb
|4 0
|6 330_980000000000000_COM_2016
|7 0
|8 A
|9 483069
|a BIBGIM
|b BIBGIM
|i 5390990
|o 330.98 COM 2016
|p 5390990
|r 2025-01-15
|t 1
|w 2019-11-24
|y BK
|z Catalogado en:20170508
|k GIM
|
| 952 |
|
|
|0 0
|1 0
|2 ddc
|4 0
|6 330_980000000000000_COM_2016
|7 0
|8 A
|9 551531
|a BIBGIM
|b BIBGIM
|d 2020-03-02
|i 5615542
|o 330.98 COM 2016
|p 5615542
|r 2025-01-15
|t 1
|w 2020-03-02
|y BK
|k GIM
|
| 952 |
|
|
|0 0
|1 0
|2 ddc
|4 0
|6 330_980000000000000_COM_2016
|7 0
|8 A
|9 601705
|a BIBENE
|b BIBENE
|d 2025-03-21
|e Donación
|i 5666610
|o 330.98 COM 2016
|p 5666610
|r 2025-03-21
|t 3
|w 2025-03-21
|y BK
|k ICO
|